Normal view MARC view

Entry Personal Name

Number of records used in: 3

001 - CONTROL NUMBER

  • control field: 76198

003 - CONTROL NUMBER IDENTIFIER

  • control field: dpl

005 - DATE AND TIME OF LATEST TRANSACTION

  • control field: 20250109115829.0

008 - FIXED-LENGTH DATA ELEMENTS

  • fixed length control field: 250109|| aca||aabn | a|a d

040 ## - CATALOGING SOURCE

  • Original cataloging agency: dpl
  • Transcribing agency: dpl

100 ## - HEADING--PERSONAL NAME

  • Personal name: Ramjee, Mahalaksmi

670 ## - SOURCE DATA FOUND

  • Source citation: Work cat.: (dpl)208261: Sridharan, Vijaya 76197, Getting Ahead in Social Studies;, 2024

© Delhi Public Library
Hit Counter
free hit counter